000 00525nam a2200205 a 4500
005 20140310183209.0
008 030423s19uu xx 00 eng d
020 _a0256026408
050 _aHD 31
_b.T329 1982
100 _aTerry, George R.
245 _aPrinciples of management /
_cGeorge R. Terry.
250 _a8th ed
260 _aIll :
_bIrwin,
_c1982.
300 _a614 p. :
_bill. ;
_c23 cm.
500 _aIncludes index.
521 _aBSBA
650 _aManagement.
942 _cBK
_2lcc
_kFOR
999 _c20091
_d20091